[Event "AcademiaPostal-I"]
[Site "http://www.queenalice.com/game.php?id=121295"]
[Date "2006.10.25"]
[Round "-"]
[White "andreavb"]
[Black "ChessCarnival"]
[Result "0-1"]
[WhiteElo "1857"]
[BlackElo "1839"]

1. e4 d6 2. d4 Nf6 3. Nc3 g6 4. Nf3 Bg7 5. Bc4 c6 6. Bg5 b5 7. Bd3 O-O 8. O-O
Nbd7 9. Qd2 Qc7 10. Bh6 e5 11. Bxg7 Kxg7 12. d5 b4 13. Ne2 cxd5 14. Qxb4 dxe4
15. Bxe4 d5 16. Nxe5 dxe4 17. Nxd7 Bxd7 18. c3 Rab8 19. Qa3 Rfe8 20. Rad1 Bb5
21. Rfe1 Bxe2 22. Rxe2 Ng4 23. g3 Qc4 24. Rde1 Ne5 25. Rxe4 Nf3+ 26. Kh1 Rxe4
0-1

[Event "AcademiaPostal-I"]
[Site "http://www.queenalice.com/game.php?id=121303"]
[Date "2006.10.25"]
[Round "-"]
[White "m_2788"]
[Black "ChessCarnival"]
[Result "0-1"]
[WhiteElo "1862"]
[BlackElo "1920"]

1. d4 Nf6 2. c4 e6 3. Nc3 Bb4 4. Qc2 c5 5. e3 O-O 6. Bd3 d5 7. Ne2 cxd4 8. exd4
dxc4 9. Bxc4 Nc6 10. Be3 a6 11. O-O b5 12. Bd3 Bb7 13. Ne4 Rc8 14. Nxf6+ Qxf6
15. Qd1 Rfd8 16. a3 Bd6 17. Qd2 Qh4 18. Ng3 Be7 19. Ne2 Bf6 20. f4 Kh8 21. f5
Nxd4 22. Nxd4 Bxd4 23. Rf4 Qxf4 0-1

[Event "AcademiaPostal-I"]
[Site "http://www.queenalice.com/game.php?id=121304"]
[Date "2006.10.25"]
[Round "-"]
[White "biano"]
[Black "ChessCarnival"]
[Result "1/2-1/2"]
[WhiteElo "1522"]
[BlackElo "1961"]

1. e4 d6 2. d4 Nf6 3. Nc3 g6 4. Be3 Bg7 5. Nf3 O-O 6. Qd2 c6 7. Be2 b5 8. Bh6 b4
9. Bxg7 Kxg7 10. Na4 Qa5 11. b3 Nxe4 12. Qe3 Nf6 13. O-O Nd5 14. Qd2 Ba6 15.
Rfe1 Bxe2 16. Rxe2 Re8 17. c4 Nb6 18. Nxb6 Qxb6 19. Rae1 Qb7 20. Qg5 e6 21. d5
cxd5 22. cxd5 h6 23. Qd2 e5 24. Re4 Nd7 25. Rxb4 Qc7 26. Ree4 Nf6 27. Rec4 Qa5
28. Rb7 Qxd2 29. Nxd2 a6 30. Rcc7 Rf8 31. Nc4 Nxd5 32. Rd7 Nf6 33. Rdc7 Nd5 34.
Rd7 1/2-1/2

[Event "AcademiaPostal-I"]
[Site "http://www.queenalice.com/game.php?id=121306"]
[Date "2006.10.25"]
[Round "-"]
[White "Uchoas"]
[Black "ChessCarnival"]
[Result "0-1"]
[WhiteElo "1451"]
[BlackElo "1994"]

1. d4 d5 2. e3 Nf6 3. c4 c6 4. Nc3 Bf5 5. Nf3 e6 6. Qb3 Qb6 7. Qxb6 axb6 8. Ne5
Bd6 9. Nxf7 Kxf7 10. Be2 Nbd7 11. Bd2 dxc4 12. Bxc4 b5 13. Be2 b4 14. Nd1 e5 15.
dxe5 Nxe5 16. f3 Nd3+ 17. Bxd3 Bxd3 18. e4 Rhe8 19. Ne3 Red8 20. e5 Bxe5 21. Bc1
c5 22. g4 Bd4 23. g5 Nd5 0-1

[Event "AcademiaPostal-I"]
[Site "http://www.queenalice.com/game.php?id=121309"]
[Date "2006.10.25"]
[Round "-"]
[White "kabbal"]
[Black "ChessCarnival"]
[Result "0-1"]
[WhiteElo "1278"]
[BlackElo "1941"]

1. d4 Nf6 2. c4 g6 3. Nc3 Bg7 4. e4 d6 5. Nf3 O-O 6. Be2 e5 7. O-O Nc6 8. d5 Ne7
9. Bg5 h6 10. Bh4 g5 11. Bg3 Nh5 12. h3 f5 13. Bh2 Nf6 14. exf5 Bxf5 15. Re1 g4
16. hxg4 Nxg4 17. Bd3 Rc8 18. Bxf5 Nxf5 19. Ne4 Nxh2 20. Nxh2 Kh8 21. Nf3 c6 22.
Rc1 Qc7 23. b4 a5 24. a3 Ra8 25. c5 axb4 26. axb4 Qf7 27. dxc6 d5 28. cxb7 Qxb7
29. Nd6 Nxd6 30. Nxe5 Bxe5 31. Rxe5 Ne4 32. Rxd5 Nxf2 33. Qd4+ Qg7 34. Qxg7+
Kxg7 35. Rd7+ Kg8 36. c6 Ne4 37. b5 Nf6 38. Rb7 Nd5 39. Rd1 Ne3 40. Rdd7 Rf6 41.
c7 Rf1+ 42. Kh2 Rff8 43. b6 Rac8 44. Ra7 Ng4+ 45. Kg3 Ne5 46. Rd1 Nc6 0-1

[Event "AcademiaPostal-I"]
[Site "http://www.queenalice.com/game.php?id=121310"]
[Date "2006.10.25"]
[Round "-"]
[White "Ostrock"]
[Black "ChessCarnival"]
[Result "0-1"]
[WhiteElo "886"]
[BlackElo "1801"]

1. e4 e5 2. Nf3 Nf6 3. b3 Nxe4 4. Qe2 d5 5. Nxe5 Bd6 6. Qh5 g6 7. Qf3 Bxe5 8.
Bb5+ c6 9. d4 Bxd4 10. O-O Bxa1 11. Qf4 cxb5 12. Qh6 Qf6 13. Na3 a6 14. Be3 d4
15. Bd2 Bf5 16. c4 Bb2 17. Nc2 bxc4 18. bxc4 Nc6 19. Ba5 Nxa5 20. Nb4 O-O-O 21.
Nd5 Qd6 22. Qg7 Nxc4 23. Qxd4 Bxd4 24. g3 Qxd5 25. Re1 Nxf2 26. g4 Qh1# 0-1

[Event "AcademiaPostal-I"]
[Site "http://www.queenalice.com/game.php?id=121311"]
[Date "2006.10.25"]
[Round "-"]
[White "BARCELOS"]
[Black "ChessCarnival"]
[Result "0-1"]
[WhiteElo "1142"]
[BlackElo "1967"]

1. e4 d6 2. d4 Nf6 3. Nc3 g6 4. Nf3 Bg7 5. Bb5+ c6 6. Bd3 O-O 7. O-O Nbd7 8. Nh4
e5 9. dxe5 Nxe5 10. Bg5 h6 11. Nxg6 fxg6 12. Bf4 Nh5 13. Be3 Be6 0-1

[Event "AcademiaPostal-I"]
[Site "http://www.queenalice.com/game.php?id=121314"]
[Date "2006.10.25"]
[Round "-"]
[White "Alaune"]
[Black "ChessCarnival"]
[Result "0-1"]
[WhiteElo "1527"]
[BlackElo "1801"]

1. e4 d6 2. Bc4 Nf6 3. d3 e6 4. Be3 d5 5. exd5 exd5 6. Bb3 Bd6 7. Nf3 O-O 8. Qe2
Re8 9. O-O Bg4 10. h3 Bh5 11. Nc3 d4 12. Ne4 dxe3 13. Qxe3 Nc6 14. Nh4 Nxe4 15.
dxe4 Qxh4 16. Rae1 Bg6 17. Bd5 Nb4 18. Qb3 c6 19. a3 cxd5 20. axb4 Bxe4 21. f3
Bxc2 0-1

[Event "AcademiaPostal-I"]
[Site "http://www.queenalice.com/game.php?id=121315"]
[Date "2006.10.25"]
[Round "-"]
[White "Bano"]
[Black "ChessCarnival"]
[Result "0-1"]
[WhiteElo "1283"]
[BlackElo "1937"]

1. e4 d6 2. Nc3 Nf6 3. d3 g6 4. Be3 Bg7 5. Qf3 Bg4 6. Qg3 O-O 7. Be2 Bxe2 8.
Ngxe2 c5 9. O-O Nc6 10. Rad1 Nh5 11. Qg4 Nd4 12. Bxd4 cxd4 13. Nd5 h6 14. Ng3
Nxg3 15. Qxg3 Rc8 16. c4 Re8 17. f4 e6 18. Nb4 Qa5 19. a3 Kh7 20. h4 Qh5 21. Qf2
a6 22. e5 Rcd8 23. Rde1 Rd7 24. Qxd4 Qxh4 25. Qb6 Bf8 26. Qf2 Be7 27. g3 Qg4 28.
Qf3 Qxf3 29. Rxf3 Rc8 30. Nc2 Bd8 31. b3 d5 32. g4 b5 33. f5 Bb6+ 34. Kh2 dxc4
35. fxe6 fxe6 36. g5 Rxd3 0-1

[Event "AcademiaPostal-I"]
[Site "http://www.queenalice.com/game.php?id=121316"]
[Date "2006.10.25"]
[Round "-"]
[White "Parma"]
[Black "ChessCarnival"]
[Result "0-1"]
[WhiteElo "1769"]
[BlackElo "1961"]

1. d4 d5 2. c4 c6 3. e3 Nf6 4. Nf3 Bf5 5. Nc3 e6 6. Bd3 Bxd3 7. Qxd3 Nbd7 8. O-O
Be7 9. e4 dxe4 10. Nxe4 O-O 11. h3 Nxe4 12. Qxe4 Nf6 13. Qd3 Qc7 14. Be3 Rfd8
15. Qc2 c5 16. Rad1 Rac8 17. b3 cxd4 18. Nxd4 a6 19. Rd3 b5 20. Rc1 Ba3 21. Rcd1
bxc4 22. Qxc4 Qxc4 23. bxc4 Be7 24. Rc3 e5 25. a4 Bb4 26. Rcd3 exd4 27. Rxd4
Rxd4 28. Rxd4 h6 29. Rf4 Bd6 30. Rd4 Be5 31. Rd3 Rxc4 32. Ra3 Bb2 33. Rb3 Rc2
34. Rb6 Nd5 35. Rxa6 Nxe3 36. fxe3 Bc1 37. Ra8+ Kh7 38. e4 Be3+ 39. Kf1 Ra2 40.
a5 h5 41. e5 Kg6 42. Ra6+ Kf5 43. e6 fxe6 44. g4+ hxg4 45. hxg4+ Kxg4 46. Rxe6
Kf3 0-1

[Event "AcademiaPostal-I"]
[Site "http://www.queenalice.com/game.php?id=121317"]
[Date "2006.10.25"]
[Round "-"]
[White "VictorCoruja"]
[Black "ChessCarnival"]
[Result "0-1"]
[WhiteElo "1676"]
[BlackElo "1977"]

1. d4 Nf6 2. Nf3 e6 3. c4 Bb4+ 4. Nc3 c5 5. a3 Bxc3+ 6. bxc3 Qa5 7. Bd2 Ne4 8.
Qc2 Nxd2 9. Nxd2 cxd4 10. cxd4 Nc6 11. e3 b6 12. Be2 Bb7 13. O-O O-O 14. Nf3 Ne7
15. Ne5 d6 16. Nf3 Rac8 17. Qd3 Ba6 18. Rfc1 d5 19. Qb3 dxc4 20. Bxc4 Bxc4 21.
Rxc4 Qa6 22. Rac1 g6 23. Ne5 Rfd8 24. h4 Rxc4 25. Rxc4 Qa5 26. Rc7 Qe1+ 27. Kh2
Qxf2 28. Kh3 Nf5 29. Kh2 Qxh4+ 30. Kg1 Qe1+ 31. Kh2 Nxe3 32. Nf3 Qf2 0-1

[Event "AcademiaPostal-I"]
[Site "http://www.queenalice.com/game.php?id=121335"]
[Date "2006.10.25"]
[Round "-"]
[White "ChessCarnival"]
[Black "Alaune"]
[Result "1-0"]
[WhiteElo "1899"]
[BlackElo "1526"]

1. Nf3 b6 2. e4 Bb7 3. Bc4 Bxe4 4. Bxf7+ Kxf7 5. Ng5+ Ke8 6. Nxe4 d5 7. Qh5+ g6
8. Qe5 dxe4 9. Qxh8 Nf6 10. Nc3 Qd4 11. d3 Nbd7 12. Nxe4 e6 13. Bd2 Ke7 14. Bc3
Qd5 15. Nxf6 Nxf6 16. Bxf6+ Kd6 17. O-O Be7 18. Bxe7+ Kxe7 19. Qxh7+ Kd6 20.
Qxg6 Kc6 21. Rfe1 Kb7 22. Rxe6 Rf8 23. Rae1 Rf5 24. Re7 Rg5 25. Qe4 1-0

[Event "AcademiaPostal-I"]
[Site "http://www.queenalice.com/game.php?id=121359"]
[Date "2006.10.25"]
[Round "-"]
[White "ChessCarnival"]
[Black "Parma"]
[Result "1-0"]
[WhiteElo "1500"]
[BlackElo "1702"]

1. e4 c5 2. Nf3 d6 3. d4 cxd4 4. Nxd4 Nf6 5. Nc3 e5 6. Bb5+ Bd7 7. Bxd7+ Qxd7 8.
Nde2 Nc6 9. Bg5 Be7 10. Bxf6 Bxf6 11. Nd5 Be7 12. Ng3 O-O 13. Nf5 Rad8 14. Qg4
g6 15. Nfxe7+ Nxe7 16. Nf6+ 1-0

[Event "AcademiaPostal-I"]
[Site "http://www.queenalice.com/game.php?id=121377"]
[Date "2006.10.25"]
[Round "-"]
[White "ChessCarnival"]
[Black "Ostrock"]
[Result "1-0"]
[WhiteElo "1801"]
[BlackElo "882"]

1. e4 e5 2. d4 Nc6 3. dxe5 Nxe5 4. f4 Nc6 5. Bc4 Bc5 6. Bxf7+ Kxf7 7. Qd5+ Ke8
8. Qxc5 Qh4+ 9. g3 Qg4 10. Nc3 Qg6 11. Be3 b6 12. Qc4 Qg4 13. Nb5 Nf6 14. Nxc7+
Kd8 15. Nxa8 Qg6 16. f5 Qg4 17. Bf4 Re8 18. h3 Qh5 19. Bc7+ Ke7 20. Ne2 Qg5 21.
Bf4 Qh6 22. Bxh6 gxh6 23. Nc7 Rg8 24. O-O-O Rg5 25. Nd5+ Kd8 26. Nxf6 Na5 27.
Qf7 Kc7 28. Nxd7 Nb7 29. Ne5+ Kb8 30. Nc6+ Ka8 31. Qc7 1-0

[Event "AcademiaPostal-I"]
[Site "http://www.queenalice.com/game.php?id=121464"]
[Date "2006.10.25"]
[Round "-"]
[White "ChessCarnival"]
[Black "Bano"]
[Result "1-0"]
[WhiteElo "1902"]
[BlackElo "1359"]

1. d4 g6 2. e4 Nf6 3. Nc3 d6 4. f4 Bg4 5. Nf3 c6 6. h3 Bxf3 7. Qxf3 c5 8. e5 Nc6
9. exf6 e6 10. d5 Nd4 11. Bb5+ Nc6 12. dxc6 Qc7 13. cxb7+ 1-0

[Event "AcademiaPostal-I"]
[Site "http://www.queenalice.com/game.php?id=121895"]
[Date "2006.10.26"]
[Round "-"]
[White "vinicapi"]
[Black "ChessCarnival"]
[Result "1/2-1/2"]
[WhiteElo "1571"]
[BlackElo "1939"]

1. e4 d6 2. d4 Nf6 3. Bd3 g6 4. Nf3 Bg7 5. O-O O-O 6. c3 Nc6 7. Be3 e5 8. Nbd2
Ng4 9. Bg5 Qe8 10. h3 h6 11. Bh4 Nf6 12. Re1 Nh5 13. Bb5 Bd7 14. d5 Ne7 15. Bxd7
Qxd7 16. Bxe7 Qxe7 17. g3 Nf6 18. Nh2 Rac8 19. Rc1 c6 20. c4 Qd7 21. g4 cxd5 22.
cxd5 a6 23. Ndf1 Qe7 24. Ng3 Rxc1 25. Qxc1 Qd7 26. Qe3 Rc8 27. Rc1 Kh7 28. Rxc8
Qxc8 29. Qd2 Qc4 30. f3 Qxa2 31. Qb4 Qb1+ 32. Nhf1 Qd3 33. Qxd6 Qxf3 34. Qb4 Kg8
35. Qxb7 Nxe4 36. Nxe4 Qxe4 37. Qxa6 Qxd5 38. Qe2 Qd4+ 39. Kg2 e4 40. Ng3 e3 41.
Nf1 Qxb2 42. Qxb2 Bxb2 43. Nxe3 Be5 44. Kf3 Bf6 45. Ke4 1/2-1/2

[Event "AcademiaPostal-I"]
[Site "http://www.queenalice.com/game.php?id=122220"]
[Date "2006.10.27"]
[Round "-"]
[White "luiz_gustavo"]
[Black "ChessCarnival"]
[Result "1-0"]
[WhiteElo "1352"]
[BlackElo "1969"]

1. e4 c5 2. Nf3 d6 3. Bc4 Nf6 4. O-O Nxe4 5. d4 d5 6. Bb5+ Bd7 7. Bxd7+ Qxd7 8.
c3 Nc6 9. Nbd2 e6 10. Re1 cxd4 11. Nxe4 dxe4 12. Rxe4 dxc3 13. Qxd7+ Kxd7 14.
bxc3 Be7 15. Rb1 Na5 16. Ne5+ Ke8 17. Rb5 b6 18. Be3 Bf6 19. c4 Bxe5 20. Rbxe5
Rc8 21. c5 Nc6 22. Rh5 g6 23. Rh3 bxc5 24. Bxc5 h6 25. Rc3 Rb8 26. Rb3 Rxb3 27.
axb3 a6 28. g4 h5 29. g5 h4 30. h3 Rh5 31. f4 f6 32. Rxe6+ Kd7 33. Rxf6 Rh8 34.
Rxg6 Rb8 35. Rd6+ Kc7 36. Rh6 1-0

[Event "AcademiaPostal-I"]
[Site "http://www.queenalice.com/game.php?id=122421"]
[Date "2006.10.27"]
[Round "-"]
[White "ChessCarnival"]
[Black "BARCELOS"]
[Result "1-0"]
[WhiteElo "1967"]
[BlackElo "1142"]

1. Nf3 d5 2. c4 c6 3. b3 Nh6 4. d4 a5 5. Bf4 dxc4 6. bxc4 c5 7. e3 Nc6 8. Nc3 e5
9. dxe5 Be7 10. Be2 Bh4 11. Nxh4 O-O 12. Qxd8 1-0

[Event "AcademiaPostal-I"]
[Site "http://www.queenalice.com/game.php?id=123121"]
[Date "2006.10.29"]
[Round "-"]
[White "ChessCarnival"]
[Black "luiz_gustavo"]
[Result "1-0"]
[WhiteElo "1939"]
[BlackElo "1420"]

1. e4 e5 2. Nf3 Nc6 3. Bb5 Nf6 4. O-O a6 5. Bxc6 bxc6 6. Nxe5 Bd6 7. d4 O-O 8.
Bg5 h6 9. Bh4 Be7 10. Nd2 Bb7 11. Re1 d6 12. Nef3 Re8 13. c3 Nd7 14. Bg3 Bf6 15.
b4 a5 16. a3 axb4 17. axb4 Nb6 18. Rxa8 Qxa8 19. Qb3 Qa4 20. e5 Qxb3 21. Nxb3
dxe5 22. Nc5 Bc8 23. Nxe5 Nc4 24. Bf4 Bxe5 25. dxe5 f6 26. e6 Nd6 27. h4 g5 28.
hxg5 hxg5 29. Bg3 f5 30. f4 gxf4 31. Bxf4 Kg7 32. Bg3 Kg6 33. e7 Kf7 34. Bh4 Rh8
35. g3 f4 36. Rf1 Ke8 37. Rxf4 Nf5 38. Re4 Nxh4 39. gxh4 Rg8+ 40. Kf2 Rg4 41. h5
Rxe4 42. Nxe4 Kxe7 43. h6 Kf8 44. Ng5 Bf5 45. Ke3 Kg8 46. Kd4 Bg4 47. Kc5 Bd7
48. Ne4 Kh8 49. Nf6 1-0

[Event "AcademiadeXadrez"]
[Site "http://www.queenalice.com/game.php?id=143896"]
[Date "2006.12.20"]
[Round "-"]
[White "ChessCarnival"]
[Black "michel_spricigo"]
[Result "1-0"]
[WhiteElo "1939"]
[BlackElo "1325"]

1. Nf3 d5 2. b3 Nf6 3. Bb2 e6 4. e3 Bd6 5. d4 Nc6 6. Bd3 O-O 7. a3 b6 8. O-O Ng4
9. c4 Bxh2+ 10. Nxh2 Nf6 11. Nd2 Re8 12. Ng4 e5 13. Nxf6+ Qxf6 14. cxd5 Ne7 15.
Qh5 g6 16. Ne4 Qg7 17. Qxe5 Qxe5 18. dxe5 Nxd5 19. Bc4 Be6 20. Bxd5 Bxd5 21.
Nf6+ Kf8 22. Nxd5 Rac8 23. Nf6 1-0

[Event "AcademiadeXadrez"]
[Site "http://www.queenalice.com/game.php?id=143897"]
[Date "2006.12.20"]
[Round "-"]
[White "michel_spricigo"]
[Black "ChessCarnival"]
[Result "0-1"]
[WhiteElo "1485"]
[BlackElo "1994"]

1. e4 d6 2. Nf3 Nf6 3. Nc3 g6 4. Bc4 Bg7 5. b3 Bg4 6. O-O c6 7. Be2 Nxe4 8. Bb2
O-O 9. d3 Nxc3 10. Qd2 Nxe2+ 11. Qxe2 Bxb2 12. Rab1 Be5 13. h3 Bxf3 14. Qxf3 Qa5
15. a4 Qd2 16. Qd1 Qf4 17. Re1 Qh2+ 18. Kf1 Qh1+ 19. Ke2 Qxg2 20. Rh1 c5 0-1

[Event "Challenge"]
[Site "http://www.queenalice.com/game.php?id=180273"]
[Date "2007.3.11"]
[Round "-"]
[White "ChessCarnival"]
[Black "Nelson"]
[Result "0-1"]
[WhiteElo "1941"]
[BlackElo "2235"]

1. Nf3 d5 2. b3 Nf6 3. Bb2 e6 4. e3 Bd6 5. d4 O-O 6. Bd3 c5 7. O-O cxd4 8. exd4
Nc6 9. Re1 Bd7 10. Ne5 Nb4 11. Bf1 Qc7 0-1

[Event "Let's Play Chess!"]
[Site "http://www.queenalice.com/game.php?id=233617"]
[Date "2007.7.2"]
[Round "-"]
[White "ChessCarnival"]
[Black "centroid"]
[Result "1-0"]
[WhiteElo "1943"]
[BlackElo "1936"]

1. Nf3 d5 2. b3 Bg4 3. Bb2 Nd7 4. e3 e5 5. h3 Bxf3 6. Qxf3 Ngf6 7. c4 c6 8. cxd5
cxd5 9. Bb5 a6 10. Bxd7+ Qxd7 11. Bxe5 Be7 12. Nc3 Qe6 13. Bxf6 Qxf6 14. Qxd5
Rc8 15. Qxb7 O-O 16. O-O Qd6 17. Rac1 Rb8 18. Qd5 Qg6 19. Qe4 Qg5 20. Nd5 Bd6
21. Rc6 Rfe8 22. Qc4 Qe5 23. f4 Qe6 24. Qd4 Red8 25. Rxa6 Rbc8 26. Rd1 h6 27. b4
Qf5 28. Rxd6 Re8 29. b5 Qc2 30. Nc3 Ra8 31. a4 Rec8 32. b6 1-0